书目信息 |
| 题名: |
家庭面点制作
|
|
| 作者: | 金洪霞 , 赵建民 编著 | |
| 分册: | ||
| 出版信息: | 济南 山东科学技术出版社 2004.03 |
|
| 页数: | 251页 | |
| 开本: | 19cm | |
| 丛书名: | ||
| 单 册: | ||
| 中图分类: | TS972.116 | |
| 科图分类: | ||
| 主题词: | 面点--制作 | |
| 电子资源: | ||
| ISBN: | 7-5331-1880-4 | |
| 000 | 00851nam0 2200241 45 | |
| 001 | 012004009661 | |
| 005 | 20040621105528.0 | |
| 010 | @a7-5331-1880-4@dCNY10.00 | |
| 100 | @a20041116d2004 aemy0chiy50 ea | |
| 101 | 0 | @achi |
| 102 | @aCN@b370000 | |
| 105 | @af z 000yy | |
| 200 | 1 | @a家庭面点制作@Ajia ting mian dian zhi zuo@f金洪霞,赵建民编著@Fjin hong xia,zhao jian min bian zhu |
| 210 | @a济南@c山东科学技术出版社@d2004.03 | |
| 215 | @a251页@c彩图@d19cm | |
| 330 | @a本书共介绍了各种流派的面点近300种,运用通俗易懂的语言,介绍了面点制作的基本操作技术及要领,在每一品种的最后,用简单明了的文字点明制作的关键。 | |
| 606 | 0 | @a面点@x制作 |
| 690 | @aTS972.116@v4 | |
| 701 | 0 | @a金洪霞@Ajin hong xia@4编著 |
| 701 | 0 | @a赵建民@Azhao jian min@4编著 |
| 801 | 0 | @aCN@bBZT@c20041116 |
| 905 | @aBZT@dTS972.116@e2@f10 | |
| 906 | @dCNY10.00@n0@r1 | |
| 家庭面点制作/金洪霞,赵建民编著.-济南:山东科学技术出版社,2004.03 |
| 251页:彩图;19cm |
| ISBN 7-5331-1880-4:CNY10.00 |
| 本书共介绍了各种流派的面点近300种,运用通俗易懂的语言,介绍了面点制作的基本操作技术及要领,在每一品种的最后,用简单明了的文字点明制作的关键。 |
| ● |
| 相关链接 |
|
|
|
正题名:家庭面点制作
索取号:TS972.116/2
 
预约/预借
| 序号 | 登录号 | 条形码 | 馆藏地/架位号 | 状态 | 备注 |
| 1 | 0374498 | 200910345 | 样本书库/样005架B面2层2列/ [索取号:TS972.116/2] | 在馆 | |
| 2 | 0374500 | 200910265 | 中心书库中库/ 中库024架A面3列1层20/ [索取号:TS972.116/2] | 在馆 | |
| 3 | 0374501 | 200910292 | 中心书库中库/ 中库024架A面3列1层22/ [索取号:TS972.116/2] | 在馆 | |
| 4 | 0374503 | 200910318 | 中心书库中库/ 中库024架A面3列1层25/ [索取号:TS972.116/2] | 在馆 | |
| 5 | 0374504 | 200910309 | 中心书库中库/ 中库024架A面3列1层21/ [索取号:TS972.116/2] | 在馆 | |
| 6 | 0374505 | 200910336 | 中心书库中库/ 中库024架A面3列1层23/ [索取号:TS972.116/2] | 在馆 | |
| 7 | 0374506 | 200910327 | 中心书库中库/ 中库024架A面3列1层26/ [索取号:TS972.116/2] | 在馆 | |
| 8 | 0374507 | 200910354 | 中心书库中库/ 中库024架A面3列1层24/ [索取号:TS972.116/2] | 在馆 |